00213nam a2200085Ia 4500008004100000100002100041245003700062260001900099260000900118170617s9999 xx 000 0 und d aGupta Prabhanker 0aComputer Fundamental & Progaming bMeerut Pragati c2010